Μαθησιακές Περιοχές / Δεύτερο μέρος (Record no. 5100)
[ view plain ]
| 000 -LEADER | |
|---|---|
| fixed length control field | 00892cam a22001694a 4500 |
| 005 - ΗΜΕΡΟΜΗΝΙΑ ΚΑΙ ΩΡΑ ΤΕΛΕΥΤΑΙΑΣ ΕΝΗΜΕΡΩΣΗΣ | |
| Πεδίο ελέγχου | 20250605163451.0 |
| 008 - FIXED-LENGTH DATA ELEMENTS--GENERAL INFORMATION | |
| Πεδίο ελέγχου σταθερού μήκους | 250528s ||||||||||||||||||||||||d |
| 035 ## - SYSTEM CONTROL NUMBER | |
| System control number | 19854 |
| 040 ## - ΠΗΓΗ ΚΑΤΑΛΟΓΟΓΡΑΦΗΣΗΣ | |
| Φορέας πρωτότυπης καταλογογράφησης | MC Athens Campus Library |
| Γλώσσα καταλογογράφησης | Ελληνικά, Μοντέρνα (1453-) |
| Modifying agency | MC Athens Campus Library |
| Κανόνες περιγραφικής καταλογογράφησης | AACR2 |
| 245 1# - ΤΙΤΛΟΣ ΚΑΙ ΔΗΛΩΣΗ ΥΠΕΥΘΥΝΟΤΗΤΑΣ | |
| Τίτλος | Μαθησιακές Περιοχές / Δεύτερο μέρος |
| 260 ## - PUBLICATION, DISTRIBUTION, ETC. | |
| Name of publisher, distributor, etc. | Εσπα |
| 300 ## - PHYSICAL DESCRIPTION | |
| Extent | 236 |
| 520 ## - SUMMARY, ETC. | |
| Summary, etc. | Δομή και Οργάνωση Δεύτερου Μέρους ΠΣ Νηπιαγωγείου, Προσωπική και Κοινωνική Ανάπτυξη, Φυσικές Επιστήμες, Τεχνολογίες Πληροφοριών και Επικοινωνιών (ΤΠΕ), Περιβάλλον και Εκπαίδευση για την Αειφόρο Ανάπτυξη, Μαθηματικά, Γλώσσα, Φυσική Αγωγή, Τέχνες, Παράρτημα. |
| 942 ## - ADDED ENTRY ELEMENTS (KOHA) | |
| Koha item type | Books |
| Τύπος τεκμηρίου | Βιβλιοθήκη | Τρέχουσα τοποθεσία | Barcode | Αριθμός εισαγωγής | Ημερομηνία απόκτησης | Ταξιθετικό σύμβολο | Αριθμός αντιτύπου | Κατάσταση απόσυρσης | Κατάσταση χαμένου | Κατάσταση κατεστραμμένου | Μη δανεισμός | Σύνολο δανεισμών | Ημερομηνία τελευταίας εμφάνισης | Η τιμή ισχύει από |
|---|---|---|---|---|---|---|---|---|---|---|---|---|---|---|
| Books | MC Athens Campus Library | MC Athens Campus Library | 9780000050991 | 5958 | 05/06/2025 | REF 370.732/62 EKT | 1 | 05/06/2025 | 05/06/2025 |